Miasta na prawach powiatu po rymie - Statystyki

Ogólne statystyki
  • Ten quiz został rozwiązany 64 razy
    50 od ostatniego zresetowania
  • Średni wynik to 25 z 56
Statystyki odpowiedzi
Rym Miasto % Poprawnych
Moje miasto to Nieszawa. Warszawa
84%
Miasto wraków. Kraków
80%
Miasto doznań. Poznań
80%
Proszę Cię, pomyśl. Przemyśl
80%
Załóż ten hełm! Chełm
75%
Jaka wielka dynia! Gdynia
75%
Ja przewodniczący, on "wice". Gliwice/Katowice/Mysłowice/Skierniewice/Świętochłowice
73%
Kładę tu widelce. Kielce/Siedlce
73%
Dziwne te topole. Opole
73%
Przejedź przez miasto Kock. Płock
73%
Tutaj rzeka ma ujście. Świnoujście
70%
Widać u Ciebie przejawy pychy. Tychy
70%
Ale z Ciebie dziwoląg! Elbląg
64%
Więc ruń. Toruń
64%
Spójrz na ten stok! Białystok
61%
W którym województwie jest Brańsk? Gdańsk
61%
Kto najlepiej się schowa? Częstochowa
57%
Czemu palisz? Kalisz
57%
Robię to dla tych dziecin. Szczecin
57%
To mój pieniądz! Grudziądz
55%
Budź! Łódź
55%
Moja ulubiona ryba to lin. Lublin/Koszalin
50%
To będzie męka. Ostrołęka
50%
Oto mój dom. Radom
50%
Przyglądam się tym korytom. Bytom
48%
Witaj wiosno! Jaworzno/Krosno/Leszno
48%
Znalazłem bursztyn. Olsztyn
48%
Kup dwa wałki. Suwałki
43%
O, chrabąszcz! Bydgoszcz
39%
Zielona czy Gorzów? Chorzów
39%
Miasto głupot. Sopot
39%
Dużo ławek. Włocławek
36%
Gdzie moja laska? Biała Podlaska
34%
To główny czynnik. Rybnik
34%
Jest w wiadrze. Zabrze
34%
Fabryka włókiennicza. Dąbrowa Górnicza
32%
Masz strój? Jastrzębie-Zdrój
32%
Ile tu owiec! Sosnowiec
32%
Widać brzeg. Tarnobrzeg
32%
Księżycowy nów. Tarnów
32%
To najlepsza branża. Łomża
30%
Mam tego dość! Zamość
30%
Tam mieszka Walski. Piotrków Trybunalski
27%
To przejście jest małe i wąskie! Piekary Śląskie/Siemianowice Śląskie
25%
Ciastka z dala od Twoich łapsk! Słupsk
23%
I co, Czesław? Wrocław
23%
Moja ulubiona kura. Jelenia Góra/Zielona Góra
20%
Proszę, odplącz. Nowy Sącz
20%
Mała przekąska. Ruda Śląska
20%
Zjedz trochę jajek kurzych. Wałbrzych
20%
Nie wchodź na tory! Żory
20%
Jutro dzień imienin. Konin
18%
To jest dżdżownica? Legnica
18%
Obok jest powiat Kolski. Gorzów Wielkopolski
16%
Dzisiaj będzie dwóch listonoszów. Rzeszów
16%
Strzelam i...AŁA! Bielsko-Biała
7%
Nie znaleziono quizów pasujących do podanych kryteriów
Rozkład punktacji
Procent ludzi z każdym wynikiem
Percentyl według liczby udzielonych odpowiedzi
Twoja historia wyników
Nie rozwiązałeś tego quizu od ostatniego zresetowania